The Junker, landowner, and farmer: a comparison of some problems of estate management in England and Germany (Record no. 98111)
[ view plain ]
| 000 -LEADER | |
|---|---|
| fixed length control field | 00532cam a2200169 4500 |
| 001 - CONTROL NUMBER | |
| control field | D14151 |
| 008 - FIXED-LENGTH DATA ELEMENTS--GENERAL INFORMATION | |
| fixed length control field | 090401t1933 xxu||||| |||| 00| 0 eng d |
| 035 ## - SYSTEM CONTROL NUMBER | |
| System control number | (Sirsi) u94649 |
| 041 ## - LANGUAGE CODE | |
| Language code of text/sound track or separate title | eng |
| 100 ## - MAIN ENTRY--PERSONAL NAME | |
| Personal name | Vane, W.M. |
| 245 #4 - TITLE STATEMENT | |
| Title | The Junker, landowner, and farmer: a comparison of some problems of estate management in England and Germany |
| 260 ## - PUBLICATION, DISTRIBUTION, ETC. | |
| Name of publisher, distributor, etc. | W M Vane |
| Date of publication, distribution, etc. | 1933 |
| 350 ## - PRICE (NR) (BK AM CF MU VM SE) [OBSOLETE] | |
| Price | 0 |
| 520 ## - SUMMARY, ETC. | |
| Summary, etc. | Report of travel in Germany made possible by a surveyors Institution Scholarship in 1932/33 |
| 942 ## - ADDED ENTRY ELEMENTS (KOHA) | |
| Suppress in OPAC | 0 |
| 948 ## - LOCAL PROCESSING INFORMATION (OCLC); SERIES PART DESIGNATOR (RLIN) | |
| c (OCLC) | 04/03/1997 |
No items available.